00863nam a2200265 i 4500001000400000245017800004260004500182300002000227490001600247600006500263650002500328650002100353700002200374830001600396020001500412040000800427041000800435044000800443080001200451920001800463942000700481008004100488999001700529952005100546bgj10aA midsummer night's dream :bnotes, including scene by scene synopsis - character sketches, selected examination questions and answers /cconsulting editor James L. Roberts. aLincoln, NB :bCliff's Notesccop. 1960. a90 s. ;c21 cm.1 aCliffsNotes1 aShakespeare, Williamd(1564-1616)tA midsummer night's dream9 aLiteratura angielska9 aDramat angielski1 aROBERTS, James L. aCliffsNotes a0822000571 cBPK0 aeng aUSA a821.111 a0-8220-0057-1 cKS s uk f |000 0 eng  c50050d50050 00104071aBPKbBPKcmhoS 2688p02435084yKS